[Event "TCh-TUR 2011"]
[Site "Konya TUR"]
[Date "2011.07.01"]
[Round "4"]
[White "Koksal, Ege"]
[Black "Komut, Kaan"]
[Result "0-1"]
[WhiteElo "2004"]
[BlackElo "1917"]
[WhiteTeam "Gazi Universitesi S.K."]
[BlackTeam "Celikkol Turizm Pamukkale Universitesi S.K."]
[WhiteFideId "6317626"]
[BlackFideId "6309992"]
[EventDate "2011.06.28"]

1. d4 d5 2. c4 e6 3. Nc3 Nf6 4. Nf3 Be7 5. Bg5 c6 6. e3 O-O 7. cxd5 exd5 8. Bd3
Nbd7 9. O-O Re8 10. Qc2 h6 11. Bf4 Nf8 12. Ne5 Ng4 13. Nxg4 Bxg4 14. h3 Be6 15.
Rab1 Bd6 16. Bxd6 Qxd6 17. b4 Rac8 18. Rfc1 Nd7 19. b5 c5 20. dxc5 Nxc5 21. Qd2
Red8 22. Ne2 Qe5 23. Nd4 Qg5 24. Kh1 Qh4 25. Rc3 Rd6 26. Rbc1 b6 27. Kh2 Re8 28.
Rxc5 bxc5 29. Rxc5 Qf6 30. Qc2 Rd7 31. Kg1 Rb7 32. Rc6 Qe5 33. a4 Qb8 34. a5 Bd7
35. Rc5 Rc8 36. Rxc8+ Qxc8 37. Qb3 Qc1+ 38. Kh2 Qc7+ 39. g3 Qxa5 40. Qxd5 Qc7
41. Qe4 g6 42. Bc4 Rb6 43. Nc6 Qd6 44. Nxa7 Qf6 45. Kg2 Qf5 46. Qxf5 Bxf5 47. g4
Be6 48. Bd3 Kf8 49. Kg3 Bd7 50. h4 Ke7 51. Be4 Kd6 52. Kf4 Kc7 53. g5 h5 54. Ke5
Re6+ 55. Kf4 Rb6 56. Ke5 Re6+ 57. Kf4 Kb6 58. Nc6 Bxc6 59. bxc6 Kc7 60. Bd5 Re7
61. f3 Kd6 62. Be4 Ra7 63. Kg3 Ra1 64. f4 Ra3 65. Kf2 Ra2+ 66. Kg3 Ra3 67. Kf2
Ra4 68. Kf3 Rc4 69. f5 gxf5 70. Bxf5 Rxh4 71. Bd7 Rc4 72. Kg3 Ke7 73. Kh3 Kf8
74. e4 Kg7 75. Bf5 Rxc6 76. Kh4 Rc1 77. Kxh5 Rg1 78. Kh4 Rf1 79. Kg4 Kf8 80. g6
Rg1+ 81. Kh5 f6 82. Kh4 Kg7 83. Kh3 Kh6 84. Kh4 Rg5 85. Kh3 Kh5 86. Kh2 Kh4 87.
Kh1 Kg3 88. Kg1 Kf3+ 89. Kh2 Rg2+ 90. Kh3 Rg3+ 91. Kh2 Rg5 92. Kh1 Kf2 93. Kh2
Rh5+ 94. Bh3 Rh6 95. g7 Rg6 96. Bf5 Rxg7 97. Kh3 Kf3 98. Kh4 Rg5 99. Bh7 Ke3
100. Bf5 Kf4 101. Bh7 Rg1 102. Bf5 Rh1+ 0-1

[Event "TCh-TUR 2011"]
[Site "Konya TUR"]
[Date "2011.07.01"]
[Round "4"]
[White "Morgul, Elcin"]
[Black "Sasmazel, Burcu"]
[Result "1/2-1/2"]
[WhiteElo "1723"]
[BlackElo "1911"]
[WhiteTeam "Celikkol Turizm Pamukkale Universitesi S.K."]
[BlackTeam "Gazi Universitesi S.K."]
[WhiteFideId "6300251"]
[BlackFideId "6319106"]
[EventDate "2011.06.28"]

1. e4 e5 2. Nf3 Nc6 3. Bc4 Nf6 4. Ng5 d5 5. exd5 Na5 6. Bb5+ c6 7. dxc6 bxc6 8.
Be2 h6 9. Nf3 e4 10. Ne5 Bd6 11. d4 exd3 12. Nxd3 Qc7 13. b3 O-O 14. Bb2 Ne4 15.
Nd2 Re8 16. Nxe4 Rxe4 17. Qd2 Ba6 18. O-O-O Rd8 19. Qc3 Bf8 20. Bf3 Red4 21. Qe1
R4d7 22. Qe5 Qb6 23. Be4 Qb5 24. Qxb5 cxb5 25. Ne5 Rxd1+ 26. Rxd1 Rxd1+ 27. Kxd1
Bb7 28. Bxb7 Nxb7 29. Bd4 Bd6 30. Nc6 a6 31. Be5 Bc5 32. Nb8 a5 33. f3 f6 34.
Bc7 Kf7 35. Nc6 a4 36. Nd8+ Nxd8 37. Bxd8 axb3 38. cxb3 b4 39. Ke2 Ke6 40. Kd3
Kd5 41. g4 Bd6 42. h3 Bc5 43. Bc7 g6 44. Bf4 h5 45. Be3 Bd6 46. Bb6 f5 47. Ke3
hxg4 48. hxg4 fxg4 49. fxg4 Be5 50. Ba5 Bd6 51. Bd8 Ke5 52. Kd3 Kd5 53. Bf6 Ke6
54. Bg7 Kd5 55. Ke3 Bc5+ 56. Kf3 Bd6 57. Bf6 Bf8 58. Kf4 Bh6+ 59. Bg5 Bf8 60.
Bf6 Bh6+ 61. Bg5 Bf8 62. Ke3 Bc5+ 1/2-1/2

[Event "TCh-TUR 2011"]
[Site "Konya TUR"]
[Date "2011.07.01"]
[Round "4"]
[White "Dastan, Batuhan"]
[Black "Soysal, Serkan"]
[Result "1-0"]
[WhiteElo "2191"]
[BlackElo "1795"]
[WhiteTeam "Gazi Universitesi S.K."]
[BlackTeam "Celikkol Turizm Pamukkale Universitesi S.K."]
[WhiteFideId "6300014"]
[BlackFideId "6349250"]
[EventDate "2011.06.28"]

1. e4 d6 2. d4 Nf6 3. Nc3 g6 4. Nf3 Bg7 5. h3 c6 6. a4 Qc7 7. Be2 e5 8. Bg5 O-O
9. dxe5 dxe5 10. Qd2 Be6 11. O-O a5 12. Qe3 b6 13. Nd2 Nfd7 14. Nc4 Nc5 15. Bh6
Nba6 16. Bxg7 Kxg7 17. f4 exf4 18. Rxf4 f6 19. Raf1 g5 20. R4f3 h6 21. h4 Bxc4
22. Bxc4 Nd7 23. hxg5 hxg5 24. Ne2 Ne5 25. Nd4 Nxc4 26. Ne6+ Kg8 27. Qxg5+ fxg5
28. Rxf8+ Rxf8 29. Rxf8+ Kh7 30. Nxc7 Nxc7 31. Rf7+ Kg8 32. Rxc7 Nxb2 33. Rxc6
Nxa4 34. Kf2 Kf7 35. Ke3 Ke7 36. Kd4 Kd7 37. Kd5 b5 38. e5 b4 39. e6+ Ke7 40.
Rc7+ Kd8 41. e7+ 1-0

[Event "TCh-TUR 2011"]
[Site "Konya TUR"]
[Date "2011.07.01"]
[Round "4"]
[White "Ipatov, Alexander ESP"]
[Black "Erturan, Yakup"]
[Result "1-0"]
[WhiteTitle "IM"]
[BlackTitle "IM"]
[WhiteElo "2536"]
[BlackElo "2346"]
[WhiteTeam "Istanbul Teknik Universitesi S.K."]
[BlackTeam "Manisa Doruk Koleji S.K."]
[WhiteFideId "14116731"]
[BlackFideId "6301410"]
[EventDate "2011.06.28"]

1. d4 e6 2. c4 Nf6 3. Nf3 b6 4. e3 Bb7 5. Nc3 d5 6. cxd5 Nxd5 7. Bb5+ c6 8. Bd3
Nd7 9. O-O Bd6 10. Ne4 Be7 11. Bd2 O-O 12. Rc1 c5 13. a3 N5f6 14. Ng3 cxd4 15.
exd4 e5 16. Re1 exd4 17. Nf5 Re8 18. Ng5 h6 19. Nxf7 Kxf7 20. Bc4+ Kf8 21. Qb3
Ne4 22. Bg8 Ne5 23. Bf4 Nc5 24. Qa2 Qd7 25. Rxe5 Bf6 26. Rexc5 bxc5 27. Bd6+ 1-0

[Event "TCh-TUR 2011"]
[Site "Konya TUR"]
[Date "2011.07.01"]
[Round "4"]
[White "Secer, Ata"]
[Black "Erdogan, Hakan"]
[Result "0-1"]
[WhiteTitle "FM"]
[BlackTitle "FM"]
[WhiteElo "2329"]
[BlackElo "2235"]
[WhiteTeam "Manisa Doruk Koleji S.K."]
[BlackTeam "Istanbul Teknik Universitesi S.K."]
[WhiteFideId "6303293"]
[BlackFideId "6300359"]
[EventDate "2011.06.28"]

1. e4 c5 2. Nf3 d6 3. d4 cxd4 4. Nxd4 Nf6 5. Nc3 g6 6. Be3 Bg7 7. f3 Nc6 8. Qd2
O-O 9. O-O-O d5 10. Kb1 Nxd4 11. e5 Nf5 12. exf6 exf6 13. Bc5 d4 14. Bxf8 Qxf8
15. Nb5 Ne3 16. Rc1 f5 17. Nxd4 f4 18. c3 Qc5 19. Bd3 Bxd4 20. cxd4 Qxd4 21. Rc3
Be6 22. Qe2 Rd8 23. Rhc1 a6 24. g3 b5 25. a3 Qd5 26. b3 Qd6 27. Qb2 fxg3 28.
hxg3 Qxg3 29. Be4 Nd1 30. Rxd1 Rxd1+ 31. Ka2 Qd6 32. Rc6 Qd8 33. Rxa6 Rd2 34.
Bc2 Qc8 0-1

[Event "TCh-TUR 2011"]
[Site "Konya TUR"]
[Date "2011.07.01"]
[Round "4"]
[White "Yilmaz, Mustafa"]
[Black "Shimanov, Aleksandr"]
[Result "0-1"]
[WhiteTitle "IM"]
[BlackTitle "GM"]
[WhiteElo "2489"]
[BlackElo "2583"]
[WhiteTeam "Istanbul Teknik Universitesi S.K."]
[BlackTeam "Manisa Doruk Koleji S.K."]
[WhiteFideId "6302718"]
[BlackFideId "4198603"]
[EventDate "2011.06.28"]

1. e4 c6 2. d4 d5 3. exd5 cxd5 4. c4 Nf6 5. Nc3 Nc6 6. Bg5 dxc4 7. d5 Ne5 8. Qd4
h6 9. Bf4 Ng6 10. Bxc4 Nxf4 11. Qxf4 g5 12. Qd2 Bg7 13. Nge2 O-O 14. O-O e6 15.
d6 Bd7 16. f4 Qb6+ 17. Kh1 Qc5 18. fxg5 hxg5 19. Bb3 Bc6 20. Ng3 Rad8 21. Rad1
Rd7 22. Qc1 Rfd8 23. Rxf6 Bxf6 24. Nh5 Bg7 25. Nxg7 Rxd6 26. Rxd6 Rxd6 27. Nh5
Qe5 28. Ng3 Rd3 29. Bc4 Rd4 30. Be2 Rf4 31. Qd1 Rf2 32. Qd8+ Kh7 33. Bd3+ f5 34.
Qe7+ Kg6 35. Bf1 Qe1 36. h4 gxh4 37. Nce4 Rxf1+ 38. Nxf1 Qxf1+ 39. Kh2 Qf4+ 0-1

[Event "TCh-TUR 2011"]
[Site "Konya TUR"]
[Date "2011.07.01"]
[Round "4"]
[White "Ciloglu, Dogu"]
[Black "Sanal, Vahap"]
[Result "0-1"]
[BlackTitle "CM"]
[WhiteElo "1770"]
[BlackElo "2210"]
[WhiteTeam "Manisa Doruk Koleji S.K."]
[BlackTeam "Istanbul Teknik Universitesi S.K."]
[WhiteFideId "6309607"]
[BlackFideId "6300545"]
[EventDate "2011.06.28"]

1. e4 e5 2. Nf3 Nc6 3. Bc4 Nf6 4. d3 Be7 5. O-O d6 6. h3 Na5 7. Bb3 Nxb3 8. axb3
O-O 9. Nc3 Re8 10. Be3 b6 11. d4 Bb7 12. dxe5 Nxe4 13. exd6 Nxc3 14. bxc3 Bxd6
15. Nd4 Qf6 16. Qg4 Qe5 17. Rfe1 Qh2+ 18. Kf1 h5 19. Qxh5 Rxe3 20. Rxe3 Qh1+ 21.
Ke2 Qxa1 22. Nf3 Qa5 23. Ng5 Qf5 24. Qh4 0-1

[Event "TCh-TUR 2011"]
[Site "Konya TUR"]
[Date "2011.07.01"]
[Round "4"]
[White "Ozturk, Hilal"]
[Black "Patel, Yesim"]
[Result "1/2-1/2"]
[WhiteElo "1765"]
[BlackElo "1804"]
[WhiteTeam "Istanbul Teknik Universitesi S.K."]
[BlackTeam "Manisa Doruk Koleji S.K."]
[WhiteFideId "6315330"]
[BlackFideId "6300200"]
[EventDate "2011.06.28"]

1. e4 c5 2. c3 d5 3. exd5 Qxd5 4. d4 Nf6 5. Nf3 e6 6. Na3 Nc6 7. Nb5 Qd8 8. dxc5
Bxc5 9. Qxd8+ Kxd8 10. Bf4 Ne4 11. Nbd4 Nxd4 12. Nxd4 Ke7 13. Bd3 Nf6 14. Be3
Bb6 15. Nc2 Bxe3 16. Nxe3 Rd8 17. Rd1 Bd7 18. f3 Bc6 19. Kf2 Nd5 20. Be4 Nxe3
21. Rxd8 Rxd8 22. Kxe3 Bxe4 23. fxe4 f5 24. e5 g6 25. c4 f4+ 26. Ke2 Rd4 27. Rc1
Re4+ 28. Kf3 Rxe5 29. b4 g5 30. a4 Re3+ 31. Kg4 Kf6 32. c5 Kg6 33. g3 f3 34. b5
h5+ 35. Kh3 g4+ 36. Kh4 Re2 37. Rh1 e5 38. h3 gxh3 39. Kxh3 Rc2 40. g4 hxg4+ 41.
Kxg4 e4 42. Kf4 f2 43. Rf1 Rxc5 44. Kxe4 Rc2 45. a5 Ra2 46. b6 axb6 47. axb6 Kf6
48. Ke3 Ke6 49. Rd1 Rb2 50. Kf3 Ke5 51. Ke3 Ke6 52. Kf3 Rxb6 53. Kxf2 Rd6 54.
Rc1 Kd7 55. Ke3 Rc6 56. Rb1 Kc7 57. Kd4 b6 58. Rb4 Kb7 59. Rc4 Rd6+ 60. Kc3 b5
61. Rh4 Kb6 62. Kb4 Rg6 63. Rf4 Kc6 64. Rh4 Rd6 65. Rg4 Rh6 66. Rf4 Rh1 67. Rf6+
Kd5 68. Kxb5 Rb1+ 69. Ka6 Kc5 70. Rf5+ 1/2-1/2

[Event "TCh-TUR 2011"]
[Site "Konya TUR"]
[Date "2011.07.01"]
[Round "4"]
[White "Diril, Dogus"]
[Black "Ersoz, Bartu"]
[Result "0-1"]
[WhiteElo "1612"]
[BlackElo "1789"]
[WhiteTeam "Manisa Doruk Koleji S.K."]
[BlackTeam "Istanbul Teknik Universitesi S.K."]
[WhiteFideId "6324240"]
[BlackFideId "6324312"]
[EventDate "2011.06.28"]

1. e4 c5 2. c3 d5 3. exd5 Qxd5 4. d4 Nf6 5. Nf3 Bg4 6. Nbd2 e6 7. Qa4+ Nbd7 8.
Bc4 Qd6 9. Bb5 Bxf3 10. Nxf3 cxd4 11. cxd4 Qb4+ 12. Bd2 Qxa4 13. Bxa4 a6 14. O-O
b5 15. Bb3 Bd6 16. Rac1 O-O 17. Rc6 Bb8 18. Rfc1 a5 19. a4 bxa4 20. Bxa4 h6 21.
Bb5 Nd5 22. Ra6 Rxa6 23. Bxa6 Bf4 24. Ra1 Bxd2 25. Nxd2 Rb8 26. Nc4 a4 27. Rxa4
N7b6 28. Nxb6 Rxb6 29. Bd3 g6 30. h3 Rxb2 31. Ra8+ Kg7 32. Be4 Nf4 33. Rd8 Ne2+
34. Kh2 Nc3 35. f3 Ne2 36. d5 exd5 37. Bxd5 Nf4 38. Be4 Rxg2+ 39. Kh1 Rg3 40.
Rd2 Rxh3+ 41. Kg1 Rg3+ 42. Kh1 Rg5 43. Rd7 h5 44. Bb1 Rd5 45. Rxd5 Nxd5 46. Be4
Nc3 47. Bd3 Kf6 48. Kg2 Nd5 49. Kg3 Nb4 50. Be4 Na6 51. f4 Nc5 52. Bc2 Ne6 53.
Be4 Nd4 54. Bd3 Nf5+ 55. Kh3 Nd6 56. Kg3 Kg7 57. Kh4 Kh6 58. Kg3 f6 59. Kh4 g5+
60. fxg5+ fxg5+ 61. Kh3 g4+ 62. Kh4 g3 63. Bb5 g2 0-1

[Event "TCh-TUR 2011"]
[Site "Konya TUR"]
[Date "2011.07.01"]
[Round "4"]
[White "Erdogdu, Mert"]
[Black "Pantsulaia, Levan"]
[Result "1/2-1/2"]
[WhiteTitle "IM"]
[BlackTitle "GM"]
[WhiteElo "2434"]
[BlackElo "2613"]
[WhiteTeam "Adana Truva Satranc S.K."]
[BlackTeam "Isek Aquamatch S.K."]
[WhiteFideId "6301495"]
[BlackFideId "13602071"]
[EventDate "2011.06.28"]

1. e4 c5 2. Nf3 e6 3. d4 cxd4 4. Nxd4 a6 5. c4 Nf6 6. Nc3 Qc7 7. a3 Nxe4 8. Nxe4
Qe5 9. Bd3 Qxd4 10. Qe2 Nc6 11. Be3 Qe5 12. O-O Nd4 13. Qd1 Nf5 14. Bd2 d5 15.
Ng5 Bd6 16. Nf3 Qf6 17. cxd5 O-O 18. Bc3 Qh6 19. Bxf5 exf5 20. Qd4 Bd7 21. Bb4
Rac8 22. Bxd6 Qxd6 23. Rac1 Rfd8 24. Rfd1 Rxc1 25. Rxc1 Be8 26. Re1 Kf8 27. Re5
f6 28. Rxf5 Bg6 29. Rf4 Qxd5 30. Qb4+ Qd6 31. Kf1 Bd3+ 32. Ke1 Re8+ 33. Kd1 Be2+
34. Kc2 Qxb4 35. axb4 Bf1 36. g3 Rd8 37. h4 Rd5 38. Nd4 Kf7 39. Kc3 Rd7 40. Rf5
b6 41. Rf3 Bg2 42. Re3 Rc7+ 43. Kd3 Bd5 44. Re1 Rc4 45. Nc2 b5 46. b3 Rc7 47.
Nd4 h5 48. Ra1 Bb7 49. f4 g6 50. Re1 Bd5 51. Ra1 Bb7 52. Kd2 Rd7 53. Kc3 Rd8 54.
Rd1 Rc8+ 55. Kd3 Rc7 56. Re1 Bd5 57. Kd2 Rc8 58. Ra1 Bb7 59. Re1 Rd8 60. Kc3
Rc8+ 61. Kd3 1/2-1/2

[Event "TCh-TUR 2011"]
[Site "Konya TUR"]
[Date "2011.07.01"]
[Round "4"]
[White "Atalik, Ekaterina"]
[Black "Dzagnidze, Nana"]
[Result "1/2-1/2"]
[WhiteTitle "IM"]
[BlackTitle "GM"]
[WhiteElo "2436"]
[BlackElo "2557"]
[WhiteTeam "Isek Aquamatch S.K."]
[BlackTeam "Adana Truva Satranc S.K."]
[WhiteFideId "4130189"]
[BlackFideId "13601903"]
[EventDate "2011.06.28"]

1. d4 Nf6 2. c4 e6 3. Nf3 d5 4. Nc3 c6 5. Bg5 dxc4 6. e4 b5 7. e5 h6 8. Bh4 g5
9. Nxg5 hxg5 10. Bxg5 Nbd7 11. g3 Bb7 12. Bg2 Qb6 13. exf6 O-O-O 14. O-O Bb4 15.
a4 a5 16. Qf3 c5 17. d5 Bxc3 18. Qxc3 exd5 19. axb5 d4 20. Bxb7+ Kxb7 21. Qf3+
Kc8 22. Qa8+ Nb8 23. Rxa5 Qb7 24. Bf4 Qxa8 25. Rxa8 Kb7 26. Rfa1 Kb6 27. R1a7 c3
28. bxc3 dxc3 29. Rxf7 c2 30. Kg2 Rd4 31. Ra1 Rd1 32. Rc1 Rxc1 33. Bxc1 Kxb5 34.
h4 Nc6 35. Rb7+ Kc4 36. f7 Rf8 37. Bh6 Ne5 38. Bxf8 c1=Q 39. Bg7 Nxf7 40. Rxf7
Qd1 41. Rf4+ Kb5 42. Bc3 Qd5+ 43. Rf3 Qe4 44. h5 c4 45. h6 Ka4 46. Bd2 Kb5 47.
Bc3 Ka4 48. Bd2 Kb5 49. Bf4 Kb4 50. g4 c3 51. g5 c2 52. Bc1 Qg4+ 53. Rg3 Qe4+
54. Rf3 Qg4+ 55. Rg3 Qe4+ 56. Rf3 1/2-1/2

[Event "TCh-TUR 2011"]
[Site "Konya TUR"]
[Date "2011.07.01"]
[Round "4"]
[White "Vovk, Andrey"]
[Black "Kazdagli, Benan"]
[Result "1-0"]
[WhiteTitle "GM"]
[WhiteElo "2545"]
[BlackElo "1868"]
[WhiteTeam "Adana Truva Satranc S.K."]
[BlackTeam "Isek Aquamatch S.K."]
[WhiteFideId "14114470"]
[BlackFideId "6309925"]
[EventDate "2011.06.28"]

1. e4 e5 2. Nf3 Nc6 3. Bb5 a6 4. Ba4 Nf6 5. O-O Be7 6. Re1 b5 7. Bb3 O-O 8. h3
Rb8 9. c3 d5 10. exd5 Nxd5 11. Nxe5 Nxe5 12. Rxe5 Bb7 13. d4 Bf6 14. Re1 b4 15.
c4 Nb6 16. d5 a5 17. Nd2 Ba6 18. a3 bxa3 19. Rxa3 a4 20. Ba2 g6 21. Qc2 Re8 22.
Ne4 Bg7 23. Rae3 Qd7 24. Nc5 Rxe3 25. Rxe3 Qc8 26. Nxa6 Qxa6 27. Re7 Qa5 28. c5
Bf6 29. Bd2 Qa8 30. Rxf7 Kxf7 31. cxb6 cxb6 32. Qc7+ Kg8 33. d6+ Kh8 34. Bc3 Rf8
35. Bxf6+ Rxf6 36. d7 1-0

[Event "TCh-TUR 2011"]
[Site "Konya TUR"]
[Date "2011.07.01"]
[Round "4"]
[White "Baglan, Esat"]
[Black "Coban, Mete Sadik"]
[Result "0-1"]
[WhiteElo "1807"]
[BlackElo "1922"]
[WhiteTeam "Isek Aquamatch S.K."]
[BlackTeam "Adana Truva Satranc S.K."]
[WhiteFideId "6309216"]
[BlackFideId "6309615"]
[EventDate "2011.06.28"]

1. e4 c5 2. Nf3 Nc6 3. d4 cxd4 4. Nxd4 g6 5. Nc3 Bg7 6. Be3 Nf6 7. Bc4 O-O 8.
Bb3 d6 9. f3 Nd7 10. h4 Nb6 11. h5 Na5 12. hxg6 hxg6 13. Qe2 Nxb3 14. axb3 d5
15. exd5 Nxd5 16. Nxd5 Qxd5 17. O-O-O Bd7 18. g4 Qe5 19. Kb1 a5 20. f4 Qe4 21.
f5 Rfd8 22. fxg6 Bxg4 23. gxf7+ Kf8 24. Rh8+ Kxf7 25. Qc4+ Kg6 26. Rxd8 Rxd8 27.
Rg1 Bxd4 28. Bxd4 Rxd4 29. Qg8+ Kf6 30. Rf1+ Ke5 31. Qc8 Qe3 32. Qb8+ Ke6 33.
Qc8+ Kd6 34. Qd8+ Kc6 35. Qxa5 Rd1+ 36. Rxd1 Bxd1 37. Qc3+ Kb6 38. b4 Qe4 39. b5
Qxc2+ 40. Qxc2 Bxc2+ 41. Kxc2 0-1

[Event "TCh-TUR 2011"]
[Site "Konya TUR"]
[Date "2011.07.01"]
[Round "4"]
[White "Sop, Selen"]
[Black "Firat, Deniz"]
[Result "1-0"]
[WhiteTitle "WCM"]
[WhiteElo "1995"]
[BlackElo "1635"]
[WhiteTeam "Adana Truva Satranc S.K."]
[BlackTeam "Isek Aquamatch S.K."]
[WhiteFideId "6300278"]
[BlackFideId "6323332"]
[EventDate "2011.06.28"]

1. e4 c5 2. Nf3 d6 3. d4 cxd4 4. Nxd4 Nf6 5. f3 a6 6. c4 e6 7. Nc3 Be7 8. Be2
O-O 9. O-O Qc7 10. Be3 Nbd7 11. Rc1 b6 12. a3 Bb7 13. b4 Ne5 14. f4 Nc6 15. Nd5
Qd8 16. Nxc6 Bxc6 17. Bxb6 Qd7 18. Nxe7+ Qxe7 19. e5 Qb7 20. Bd4 dxe5 21. fxe5
Nd7 22. Bf3 Rad8 23. Qe2 Bxf3 24. Rxf3 Nb8 25. Bc5 Rfe8 26. Rh3 Nd7 27. Bd6 f6
28. Qh5 Qe4 29. Qf3 Qd4+ 30. Qe3 fxe5 31. c5 Qd5 32. Re1 Qa2 33. Qe2 Qxe2 34.
Rxe2 Nf6 35. Rxe5 Nd5 36. Rd3 Kf7 37. Rb3 Rd7 38. Re2 Rb7 39. Rf2+ Kg6 40. Rbf3
Nf6 41. Rc2 Rd7 42. Re3 Kf7 43. h3 Red8 44. a4 Ne8 45. Rf2+ Nf6 46. b5 h6 47. b6
Rb7 48. a5 Rc8 49. Bc7 Ke7 50. Rfe2 Nd5 51. Rxe6+ 1-0

[Event "TCh-TUR 2011"]
[Site "Konya TUR"]
[Date "2011.07.01"]
[Round "4"]
[White "Parligras, Mircea-Emilian"]
[Black "Arutinian, David"]
[Result "1/2-1/2"]
[WhiteTitle "GM"]
[BlackTitle "GM"]
[WhiteElo "2626"]
[BlackElo "2564"]
[WhiteTeam "Deniz Genclik S.K."]
[BlackTeam "Yesilkoy Spor Kulubu"]
[WhiteFideId "1204297"]
[BlackFideId "13601741"]
[EventDate "2011.06.28"]

1. e4 c6 2. d4 d5 3. Nc3 dxe4 4. Nxe4 Bf5 5. Ng3 Bg6 6. h4 h6 7. Nf3 Nd7 8. h5
Bh7 9. Bd3 Bxd3 10. Qxd3 e6 11. Bd2 Ngf6 12. O-O-O Bd6 13. Ne4 Nxe4 14. Qxe4 Qe7
15. Kb1 O-O-O 16. Ba5 Bc7 17. Bxc7 Kxc7 18. Qf4+ Kc8 19. Rd3 Qf6 20. Qg3 Rhg8
21. a4 Qf5 22. Nd2 Nf6 23. Nc4 Ne4 24. Qh4 Ng5 25. f3 Qd5 26. b3 Qd7 27. a5 Qc7
28. a6 b5 29. Nd2 e5 30. dxe5 Rxd3 31. cxd3 Qxe5 32. Rc1 Qd5 1/2-1/2

[Event "TCh-TUR 2011"]
[Site "Konya TUR"]
[Date "2011.07.01"]
[Round "4"]
[White "Sanikidze, Tornike"]
[Black "Ibrahimov, Rasul"]
[Result "1-0"]
[WhiteTitle "GM"]
[BlackTitle "GM"]
[WhiteElo "2524"]
[BlackElo "2532"]
[WhiteTeam "Yesilkoy Spor Kulubu"]
[BlackTeam "Deniz Genclik S.K."]
[WhiteFideId "13602608"]
[BlackFideId "13400495"]
[EventDate "2011.06.28"]

1. e4 c5 2. Nf3 e6 3. c3 Nf6 4. e5 Nd5 5. Bc4 d6 6. exd6 Bxd6 7. O-O O-O 8. d4
cxd4 9. cxd4 Nc6 10. Nc3 Nce7 11. Qd3 Nxc3 12. bxc3 Ng6 13. Bb3 b6 14. Re1 Bb7
15. Ng5 Be7 16. Qg3 Bd5 17. h4 Nxh4 18. Bxd5 Qxd5 19. Re5 Qc4 20. Qxh4 h6 21.
Qh3 hxg5 22. Bxg5 Bxg5 23. Rxg5 g6 24. Qh6 Qxc3 25. Rd1 Qc2 26. Re1 Rfd8 27.
Rxe6 Rd6 28. Rgxg6+ Qxg6 29. Qxg6+ fxg6 30. Rxd6 Kf7 31. d5 Re8 32. f3 Re7 33.
Kf2 Rc7 34. Kg3 Rc5 35. Kf4 Rc2 36. Rd7+ Kf6 37. Rd6+ Kf7 38. g4 Rxa2 39. Rd7+
Ke8 40. Rb7 Ra3 41. g5 Kd8 42. Ke4 Kc8 43. Rg7 b5 44. Rxg6 b4 45. Rc6+ Kd7 46.
g6 b3 47. Rc1 Ra6 48. Kf5 Ke7 49. Re1+ Kf8 50. Rb1 Rb6 51. d6 a5 52. d7 Rb5+ 53.
Kf6 Rb6+ 54. Kg5 1-0

[Event "TCh-TUR 2011"]
[Site "Konya TUR"]
[Date "2011.07.01"]
[Round "4"]
[White "Keler, Faruk"]
[Black "Brunello, Marina"]
[Result "1-0"]
[BlackTitle "WIM"]
[WhiteElo "2231"]
[BlackElo "2177"]
[WhiteTeam "Deniz Genclik S.K."]
[BlackTeam "Yesilkoy Spor Kulubu"]
[WhiteFideId "6302734"]
[BlackFideId "822590"]
[EventDate "2011.06.28"]

1. e4 c5 2. Nf3 d6 3. d4 cxd4 4. Nxd4 Nf6 5. Nc3 a6 6. Bg5 Nbd7 7. f4 Qc7 8. Qf3
h6 9. Bxf6 Nxf6 10. f5 Qc5 11. O-O-O g5 12. Nd5 Nxd5 13. exd5 Bg7 14. c3 Bf6 15.
Nb3 Qc7 16. Nd2 b5 17. Ne4 Be5 18. f6 Bb7 19. Kb1 O-O-O 20. fxe7 Qxe7 21. c4
bxc4 22. Bxc4 Kb8 23. Qe2 Bg7 24. Qd3 Ka7 25. Rhe1 Qc7 26. Rf1 Rhe8 27. Rc1 Qb6
28. Bb3 Re7 29. Ng3 Re3 30. Qh7 Qd4 31. Qc2 Rc8 32. Qf2 Rxc1+ 33. Rxc1 Rd3 34.
Qxd4+ Bxd4 35. Kc2 Re3 36. Nf5 Re2+ 37. Kd3 Bxb2 38. Rc7 Rxg2 39. Nxd6 Be5 40.
Rxb7+ Ka8 41. Rd7 Rxh2 42. Nc4 Bf4 43. Rxf7 Rh3+ 44. Ke4 1-0

[Event "TCh-TUR 2011"]
[Site "Konya TUR"]
[Date "2011.07.01"]
[Round "4"]
[White "Afyoncu, Omer"]
[Black "Kose, Serkan"]
[Result "1-0"]
[WhiteElo "2112"]
[BlackElo "2150"]
[WhiteTeam "Yesilkoy Spor Kulubu"]
[BlackTeam "Deniz Genclik S.K."]
[WhiteFideId "6305989"]
[BlackFideId "6301584"]
[EventDate "2011.06.28"]

1. e4 c5 2. Nf3 d6 3. d4 cxd4 4. Nxd4 Nf6 5. Nc3 g6 6. Be3 Bg7 7. f3 O-O 8. Qd2
Nc6 9. Bc4 Bd7 10. h4 Rc8 11. Bb3 Qa5 12. O-O-O Ne5 13. Kb1 Nc4 14. Bxc4 Rxc4
15. Nb3 Qc7 16. h5 Be6 17. hxg6 fxg6 18. Nb5 Qd7 19. N5d4 Rfc8 20. g4 Bxg4 21.
fxg4 Nxe4 22. Qh2 Nf6 23. g5 Nh5 24. c3 e5 25. Nc2 d5 26. Na3 Rg4 27. Rhg1 d4
28. cxd4 exd4 29. Bc1 Re4 30. Qf2 Nf4 31. Bxf4 Qf5 32. Qd2 Rxf4+ 33. Qd3 Qd5 34.
Qb5 Qe4+ 35. Ka1 Rf5 36. Qd7 Re8 37. Nc4 Re7 38. Qd8+ Rf8 39. Qd6 b5 40. Na3 Rf5
41. Qb4 Qb7 42. Nc2 Rd7 43. Nc5 Rxc5 44. Qxc5 Rc7 45. Qd6 Rxc2 46. Qd8+ Bf8 47.
Rgf1 Qe7 48. Qd5+ Kg7 49. Rde1 Qc5 50. Qf7+ Kh8 51. Qxf8+ Qxf8 52. Rxf8+ Kg7 53.
Rd8 Kf7 54. Rd7+ Kf8 55. Rxd4 Rc5 56. Rd8+ Kf7 57. Rd7+ Kf8 58. Rg1 a5 59. Rxh7
b4 60. Kb1 1-0

[Event "TCh-TUR 2011"]
[Site "Konya TUR"]
[Date "2011.07.01"]
[Round "4"]
[White "Olcum, Ahmet"]
[Black "Ergene, Mertcan"]
[Result "*"]
[WhiteElo "1920"]
[BlackElo "1731"]
[WhiteTeam "Deniz Genclik S.K."]
[BlackTeam "Yesilkoy Spor Kulubu"]
[WhiteFideId "6311393"]
[BlackFideId "6342345"]
[EventDate "2011.06.28"]

1. e4 e6 2. d3 d5 3. Nd2 c5 4. Ngf3 Nc6 5. g3 Nf6 6. Bg2 Be7 7. O-O O-O 8. Re1
Re8 9. h4 b5 10. e5 Nd7 11. Nf1 Qc7 12. Bf4 a5 13. N1h2 c4 14. d4 b4 15. Ng5 Nf8
16. c3 h6 17. Nh3 Ng6 18. Bd2 Bf8 19. Qg4 Kh8 20. Qh5 Kg8 21. g4 a4 22. g5 a3
23. bxa3 bxc3 24. Bxc3 Rxa3 25. Bb2 Rxh3 26. Bxh3 Nf4 27. Qg4 Nd3 28. Re2 Nxb2
29. Rxb2 h5 30. Qf4 Ba3 31. Re2 c3 32. Qe3 Bb2 33. Rb1 Qa7 34. Rexb2 cxb2 35.
Rxb2 Qxd4 36. Qxd4 Nxd4 37. Rd2 Nc6 38. f4 g6 39. Nf3 Ba6 40. Bf1 Bxf1 41. Kxf1
Ra8 42. Ng1 Nb4 43. Rb2 Nxa2 44. Ne2 Ra4 45. Kg2 Nb4 46. Nc3 Ra3 47. Rxb4 Rxc3
48. Rb8+ Kg7 49. Ra8 Rc4 50. Kf3 Rc1 51. Kg2 Rd1 52. Rd8 d4 *